| 000 | 01216nam a2200325 a 4500 | ||
|---|---|---|---|
| 008 | 951123s1982||||[C 0 slo c | ||
| 040 |
_aSNK _bslo _cSNK _eAACR2 |
||
| 041 | 1 |
_aslo _hslo |
|
| 080 | _a908.437.674:779 | ||
| 080 | _a779 | ||
| 080 | _a779(437.674) | ||
| 245 | 1 | 0 | _aOkres Michalovce ; Ladislav Ďaďovský, Jaroslav Vizdal, Mikuláš Jáger, Jaroslav Vizdal, Róbert Brož, Milan Bohucký, Štefan Danko, Anton Hasák, Andrej Haščák, Alexander Jiroušek |
| 250 | _a1., vyd. | ||
| 260 |
_aKošice _bVýchodoslovenské vydavateľstvo _aS.l. _bONV v Michalovciach [vyd.] _c1982 _eKošice _fVýchodoslovenské tlačiarne |
||
| 300 |
_a230 s., 41,46 AH _bČiernob. a fareb. fot. _c28 cm |
||
| 500 | _aRes. rus. a nem. Ilustr. na predsádkach. Fot. na front. Nepredajné. | ||
| 700 | 1 |
_aĎaďovský, Ladislav _4aut |
|
| 700 | 1 |
_aVizdal, Jaroslav _4aut |
|
| 700 | 1 |
_aJáger, Mikuláš _4com |
|
| 700 | 1 |
_aVizdal, Jaroslav _4com |
|
| 700 | 1 |
_aBrož, Róbert _4bkd |
|
| 700 | 1 |
_aBohucký, Milan _4bkd |
|
| 700 | 1 |
_aDanko, Štefan _4bkd |
|
| 700 | 1 |
_aHasák, Anton _4bkd |
|
| 700 | 1 |
_aHaščák, Andrej _4bkd |
|
| 700 | 1 |
_aJiroušek, Alexander _4bkd |
|
| 044 |
_axo _cSK |
||
| 020 | _c10 | ||
| 958 | _aA | ||
| 999 |
_c19684 _d19684 |
||